[Event "Hordaland-ch NGP A"]
[Site "Bergen"]
[Date "2012.04.13"]
[Round "1"]
[White "Birkeland, Trond"]
[Black "Satre, Mathias"]
[Result "1-0"]
[WhiteElo "1793"]
[BlackElo "1516"]
[PlyCount "63"]
[EventDate "2012.04.13"]
[EventType "swiss"]
[EventRounds "5"]
[EventCountry "NOR"]
[SourceTitle "EXT 2024"]
[Source "ChessBase"]
[SourceDate "2023.10.10"]
[SourceVersion "1"]
[SourceVersionDate "2023.10.10"]
[SourceQuality "1"]

1. e4 e6 2. d4 d5 3. e5 c5 4. c3 Nc6 5. Nf3 Nge7 6. Na3 Nf5 7. Nc2 Qb6 8. Be2 Bd7 9. dxc5 Bxc5 10. 0-0 h6 11. g4 Nfe7 12. b4 Bxb4 13. cxb4 Ng6 14. Bb2 Qc7 15. Rc1 Ngxe5 16. Nxe5 Nxe5 17. Qd4 f6 18. Ne3 Qd6 19. f4 Nc6 20. Qc5 Qxc5 21. bxc5 0-0 22. a3 d4 23. Nc4 e5 24. fxe5 fxe5 25. Bf3 Rf4 26. Nxe5 Be6 27. Bxc6 Rxf1+ 28. Rxf1 bxc6 29. Nxc6 Bxg4 30. Ne7+ Kh7 31. Bxd4 Re8 32. Rf7 1-0

[Event "Hordaland-ch NGP A"]
[Site "Bergen"]
[Date "2011.06.05"]
[Round "4"]
[White "Holleland, Sigve"]
[Black "Birkeland, Trond"]
[Result "1-0"]
[WhiteElo "1290"]
[BlackElo "1821"]
[PlyCount "53"]
[EventDate "2011.06.03"]
[EventType "swiss"]
[EventRounds "5"]
[EventCountry "NOR"]
[SourceTitle "EXT 2024"]
[Source "ChessBase"]
[SourceDate "2023.10.10"]
[SourceVersion "1"]
[SourceVersionDate "2023.10.10"]
[SourceQuality "1"]

1. c4 Nf6 2. g3 g6 3. Bg2 Bg7 4. Nc3 0-0 5. d4 d6 6. Bf4 Nbd7 7. Nf3 Re8 8. Qd2 Nh5 9. Bh6 Bh8 10. 0-0 Rb8 11. b4 c5 12. bxc5 dxc5 13. d5 Nb6 14. Qd3 a6 15. Rad1 Bd7 16. e4 Na4 17. Nxa4 Bxa4 18. Rb1 b5 19. Rfe1 Qc7 20. e5 bxc4 21. Qxc4 Bb5 22. Qe4 Qa5 23. g4 Ng7 24. Qc2 Red8 25. Nd2 Be2 26. Nc4 Bxc4 27. Qxc4 1-0

[Event "Bergen Sommer op"]
[Site "Bergen"]
[Date "2010.08.06"]
[Round "6"]
[White "Gronnestad, Anita"]
[Black "Birkeland, Trond"]
[Result "0-1"]
[WhiteElo "2017"]
[BlackElo "1923"]
[PlyCount "64"]
[EventDate "2010.08.01"]
[EventType "swiss"]
[EventRounds "6"]
[EventCountry "NOR"]
[SourceTitle "EXT 2012"]
[Source "ChessBase"]
[SourceDate "2011.11.24"]
[SourceVersion "1"]
[SourceVersionDate "2011.11.24"]
[SourceQuality "1"]

1. e4 e6 2. d3 d5 3. Nd2 Nf6 4. Ngf3 b6 5. c3 Be7 6. Qc2 dxe4 7. dxe4 0-0 8. Bd3 Ba6 9. c4 Nc6 10. a3 e5 11. 0-0 Qd7 12. b4 Rad8 13. Be2 Nd4 14. Nxd4 exd4 15. Bd3 Ng4 16. Nf3 f6 17. Qb3 c5 18. Nh4 Bd6 19. h3 Ne5 20. f4 Nxd3 21. Qxd3 b5 22. bxc5 Bxc5 23. cxb5 Bxb5 24. Qb3+ Kh8 25. Rd1 Ba4 26. Qd3 Bxd1 27. Qxd1 d3+ 28. Kh1 d2 29. Bb2 Qd3 30. e5 fxe5 31. Bxe5 Bd4 32. Qg4 Bxe5 0-1

[Event "Bergen Sommer op"]
[Site "Bergen"]
[Date "2010.08.02"]
[Round "2"]
[White "Birkeland, Trond"]
[Black "Dyrhovden, Sigve"]
[Result "1/2-1/2"]
[WhiteElo "1923"]
[BlackElo "1891"]
[PlyCount "111"]
[EventDate "2010.08.01"]
[EventType "swiss"]
[EventRounds "6"]
[EventCountry "NOR"]
[SourceTitle "EXT 2012"]
[Source "ChessBase"]
[SourceDate "2011.11.24"]
[SourceVersion "1"]
[SourceVersionDate "2011.11.24"]
[SourceQuality "1"]

1. e4 d5 2. exd5 Qxd5 3. Nc3 Qa5 4. d4 Nf6 5. Bd2 c6 6. Nf3 Bf5 7. Bc4 e6 8. Qe2 Bb4 9. a3 Bxc3 10. Bxc3 Qc7 11. 0-0-0 Nd5 12. Bd2 Nd7 13. Nh4 Bg6 14. Rhe1 0-0-0 15. Nxg6 hxg6 16. h3 N7b6 17. Bb3 c5 18. dxc5 Qxc5 19. Qe5 Rhg8 20. Kb1 Nc4 21. Bxc4 Qxc4 22. Re4 Qc7 23. Qg5 Qb6 24. Rc4+ Kb8 25. Qe5+ Ka8 26. Re1 Qxf2 27. Rd4 Qxg2 28. Rd1 Rc8 29. c4 Nf6 30. Be3 Qxh3 31. Ka1 Ng4 32. Qe4 Nxe3 33. Rd7 Rb8 34. R1d3 Qf1+ 35. Ka2 Qf6 36. Rb3 Nd5 37. cxd5 exd5 38. Qxd5 Qe6 39. Qd3 f5 40. Rd6 Qe4 41. Qb5 f4 42. Rb4 Qe7 43. Rd7 Qe6+ 44. Ka1 a6 45. Qd3 Qe3 46. Qd5 Qc1+ 47. Ka2 Qc6 48. Qd3 Rgf8 49. Rd6 Qc7 50. Rxa6+ bxa6 51. Qxa6+ Qa7 52. Qc6+ Rb7 53. Ra4 Qxa4 54. Qxa4+ Kb8 55. Qc6 Rff7 56. Qd6+ 1/2-1/2

[Event "Hordaland-ch NGP A"]
[Site "Bergen"]
[Date "2009.05.09"]
[Round "2"]
[White "Birkeland, Trond"]
[Black "Dyrhovden, Sigve"]
[Result "1-0"]
[WhiteElo "1760"]
[BlackElo "1673"]
[PlyCount "51"]
[EventDate "2009.05.08"]
[EventType "swiss"]
[EventRounds "5"]
[EventCountry "NOR"]
[SourceTitle "EXT 2024"]
[Source "ChessBase"]
[SourceDate "2023.10.10"]
[SourceVersion "1"]
[SourceVersionDate "2023.10.10"]
[SourceQuality "1"]

1. e4 c6 2. d4 d5 3. e5 c5 4. Nf3 Nc6 5. c3 Bg4 6. Be2 cxd4 7. cxd4 Qb6 8. Nc3 e6 9. Be3 Qxb2 10. Nb5 Qb4+ 11. Bd2 Qe7 12. Nd6+ Kd8 13. Qb3 Rb8 14. Ng5 Bxe2 15. Ngxf7+ Kd7 16. Rc1 Bc4 17. Rxc4 dxc4 18. Qxc4 Qh4 19. Ng5 Nxd4 20. Qa4+ Kc7 21. Nxe6+ Nxe6 22. Qxh4 Bxd6 23. exd6+ Kd7 24. Qa4+ Kd8 25. Qxa7 Rc8 26. Qxb7 1-0